000 00590nam a2200217Ia 4500
008 131103s9999 xx 000 0 und d
020 _cRs.12
040 _aLoreto College
041 _aEnglish
082 _a371.42/JON
_bLCBED/1364
100 _aJones, Arthur J.
245 _aPrinciples of guidance
_cArthur J.Jones
250 _a6th ed.
260 _aNew York
_bMcGraw - Hill
_c[19?]
300 _ax, 245p.
_c 22cm.
504 _aIncludes references and index
650 _aEducation
651 _aStudent Guidance and Counseling
850 _aLCBED/371.42/JON
942 _cBK
999 _c26026
_d76505